000 00655nam a2200217 i 4500
001 129736
003 ES-MaACL
007 t|
008 070704s1981 sp ||||1| spa d
100 1 _aZorzoli, Giovanni Batista.
_9118365
245 1 3 _aEl dilema energético /
_cG. B. Zorzoli ; [traducción de Miguel Pellicer].
250 _a1ª reimp.
260 _aMadrid :
_bH. Blume,
_c[1981]
300 _a169 p. ;
_c21 cm.
490 1 _aCrítica. Alternativas
650 1 4 _aConsumo de energía.
_911306
700 1 _aPellicer, Miguel.
_990086
830 0 _aCrítica. Alternativas
_9186573
852 _aES-MaACL
_jL-992
_bR.101873
999 _c129736
_d129736